000 00962nam a2200241Ia 4500
001 23823
003 GE_BSU
008 181216s||||||||xx |||||||||||||| ||und||
040 _cGE_BSU
080 _a930(479.22)(092)
100 _aჯორბენაძე, სერგო
245 _aცხოვრება და ღვაწლი ივანე ჯავახიშვილისა
245 _cრედ. ა. შანიძე. მხატვ. ჯ. ყავლაშვილი
260 _aთბილისი
260 _bთბილ. უნ-ტის გამ-ბა
260 _c1984.
300 _a611გვ. ; 22სმ.
300 _eპირთა საძიებელი: გვ. 599-609.
541 _h7 ლ.
653 _aცხოვრება და ღვაწლი ივანე ჯავახიშვილისა
653 _aჯავახიშვილი ივანე
942 _cBK
999 _c56701
_d56701